000 00316nam a22001337a 4500
008 181016b xxu||||| |||| 00| 0 eng d
020 _a9780829420999
041 _aeng
080 _a3700
100 _a47
101 _aEDU
245 _aVoyades In English Writing And Grammar
_cKervick.i
942 _2udc
_cBK
999 _c49922
_d49922